000 00561nam a2200229Ia 4500
003 OSt
005 20221006152955.0
006 a|||||r|||| 00| 0
007 ta
008 221006b |||||||| |||| 00| 0 chi d
020 _c
_8.95
024 _a30,707
037 _cTextual
040 _aEASL
_cEASL
_bchi
041 _2chi
_achi
100 _aDUNAYEVSKAYA R
_9636794
245 0 _aPhilosophy and revolution
260 _aNew York
_bDelacorle
_c1973
300 _a372p.
_ccm.
942 _cTEXL
_2CC
999 _c1098793
_d1098793